000 00501nam a2200193 a 4500
001 1770888360111
003 YourLibrary
005 20260212145936.0
008 260212s1996##################000#0#eng##
020 _a9780262660983
082 0 4 _a330
_bPOT
100 1 _aPoterba, James M.,
_eauthor.
245 1 0 _aTax Policy and the Economy :
260 _bMIT Press,
_c1996.
300 _a170 pages
650 0 _aBusiness & Economics.
942 _cENGLISH
040 _aYourLibrary
_beng
_cYourLibrary
999 _c612015
_d612015